000 00740nam a22002057a 4500
999 _c13604
_d13604
003 AR-CdUCM
008 190415b ||||| |||| 00| 0 spa d
040 _aMUNICIPALIDAD PROVINCIAL DEL CUSCO
_cBIBLIOTECA MUNICIPAL DEL CUSCO
082 _26 ed.
_aC / 373.160 /
_bV32 / 1944
100 _aVargas, Isaias
_926455
245 _aFilosofía elemental lógica i ética :
_bPara quinto año de instrucción media /
260 _aCuzco :
_bLiga sagrada,
_c1944.
300 _a71 páginas ;
_c20 cm.
505 _aContenido : Lógica -- El juicio -- Elementos del juicio -- Los principios lógicos ...
650 _aEducación
_9460
650 _aLógica
_92358
650 _aÉtica
_91337
942 _2ddc
_cLIBROS
945 _arah
_d15/04/2019